Представление документа в формате MARC21

Поле Инд. ПП Название Значение
Тип записи m
Библиографический уровень m
001 Контрольный номер c842b49253ad44aea87c9a3e91f8de3a
005 Дата корректировки 20230130130107.8
008 Кодируемые данные 220630|||||||||ru |||||||||||||||||rus||
040 b Код языка каталог. rus
e Правила каталог. PSBO
041 0_ a Код языка текста rus
084 a Индекс другой классификации/Индекс ББК 65.051+65.9(2Рос-4Мур)
090 x Авторский знак С 69
203 a Вид содержания Текст
c Тип средства электронный
245 10 a Заглавие Социально-экономическая дифференциация доходов населения Мурманской области
b Продолж. заглавия статистический сборник : [код работы – 060611014.]
c Ответственность Федеральная служба государственной статистики, Территориальный орган Федеральной службы государственной статистики по Мурманской области (Мурманскстат)
h Физич. носитель Электронный ресурс
260 a Место издания Мурманск
c Дата издания 2022
300 a Объем 62 с.
500 a Примечание Электрон. текстовые дан. (1 файл : 2,21 Мб)
500 a Примечание URL: https://elib.mauniver.ru/stat/2022/STATSB_22_02.pdf
500 a Примечание Доступ из локальной сети Мурман. гос. техн. ун-та. - Загл. с титул. экрана
520 0_ a Аннотация Статистический сборник по данным за 2017–2021 годы. Содержит сведения, характеризующие уровень денежных доходов населения и их использование, уровень заработной платы, пенсионное обеспечение, реализацию мер социальной поддержки отдельных категорий граждан, распределение населения по величине среднедушевых денежных доходов и общего объема денежных доходов. Приведены коэффициенты дифференциации доходов населения и показатели бедности. Данные рассмотрены по области в целом, ряд показателей – в сравнении с аналогичными данными по России и регионам Северо-Западного федерального округа. Кроме того, представлены показатели о размере среднедушевых денежных доходов, заработной платы, пенсий в 2020, 2021 годах, ранжированные по регионам России. Включены отдельные показатели по муниципальным образованиям Мурманской области. Издание представляет интерес для управленческого персонала, руководителей и специалистов организаций, органов местного самоуправления, научных, предпринимательских и банковских кругов, профессорско-преподавательского состава, аспирантов и студентов, других заинтересованных пользователей
583 x Служебное примечание Полнотекстовые документы
x Служебное примечание Краеведческий каталог
x Служебное примечание Документы по договору
583 1_ x Служебное примечание Статистические сборники
650 04 a Основная рубрика Статистические сборники-Мурманская область
651 _4 a Географическое наименование Мурманская область
653 0_ a Ключевые слова Бедность населения; Безработица; Денежные доходы населения; Доходы населения; Дифференциация доходов населения; Занятость населения; Оплата труда; Пенсионное обеспечение; Региональная экономика; Статистические данные 2017-2021 гг.; Статистические сборники; Электронные версии; Экономика Мурманской области
653 0_ a Ключевые слова Сборники статистические
856 40 u URL https://elib.mauniver.ru/stat/2022/STATSB_22_02.pdf
901 t Тип документа m